00395cam a22001217a 4500008004000000082001600040245009000056260003900146300001000185650002600195650003600221700001600257180718b1952 xxu||||| |||| 00| 0 eng d aT25084 C76s aSelection, training and use of personnel in industrial researchcedited by D.B. Hertz aNew YorkbKing's Crown Pressc1952 a274p. aPersonnel - Selection aIndustrial research - Personnel aHertz, D.B.